| 000 | 00449nam a22001697a 4500 | ||
|---|---|---|---|
| 003 | CEME | ||
| 005 | 20210628204149.0 | ||
| 008 | 210104b xxu||||| |||| 00| 0 eng d | ||
| 040 | _cceme | ||
| 082 | _a628.1 WOR | ||
| 100 |
_aPakistan Engineering Congress _951471 |
||
| 245 | _aWorld water day march 2010 | ||
| 260 |
_aLAHORE _bPAKISTAN ENGINEERING CONGRESS _c2010 |
||
| 300 | _a146P | ||
| 650 |
_aWORLD WATER DAY-2010. _969042 |
||
| 942 |
_cBK _2ddc |
||
| 999 |
_c576460 _d576460 |
||